Sports Quiz

Random Sports or Rugby Quiz

Rugby-Crazy Countries Quiz Stats

 Plays Quiz not verified by Sporcle

Challenge
Share
Tweet
Embed
Score 0/30 Timer 05:00
0 Plays Today
Status of Rugby Country % Correct
National SportNew Zealand
98.8%
'First Tier Unions'Australia
98.3%
'First Tier Unions'England
96.3%
'First Tier Unions'France
96%
'First Tier Unions'Ireland
96%
National SportSouth Africa
94.8%
National SportWales
94.1%
National SportFiji
94.1%
'First Tier Unions'Argentina
93.3%
'First Tier Unions'Scotland
93.3%
'Second Tier Unions'USA
93.3%
'First Tier Unions'Italy
92.3%
'Second Tier Unions'Canada
92.1%
National SportSamoa
91.8%
National SportTonga
89.9%
Status of Rugby Country % Correct
'Second Tier Unions'Russia
87.4%
'Second Tier Unions'Japan
86.9%
'Second Tier Unions'Spain
85.4%
'Second Tier Unions'Portugal
81.7%
'Second Tier Unions'Romania
80.7%
'Second Tier Unions'Namibia
80.4%
'Second Tier Unions'Uruguay
76.5%
'Second Tier Unions'Georgia
76.2%
'Second Tier Unions'Brazil
69.8%
'Second Tier Unions'Chile
63.1%
'Second Tier Unions'Mexico
57.2%
'Second Tier Unions'Peru
50.7%
'Second Tier Unions'Colombia
49.3%
'Second Tier Unions'Venezuela
49%
National SportMadagascar
39.1%

You're not logged in!

Compare scores with friends on all Sporcle quizzes.
Join for Free
OR
Log In

You Might Also Like...

Show Comments

Extras

Top Quizzes Today


Score Distribution

Your Account Isn't Verified!

In order to create a playlist on Sporcle, you need to verify the email address you used during registration. Go to your Sporcle Settings to finish the process.

Report this User

Report this user for behavior that violates our Community Guidelines.

Details: